000 00693nam a2200253Ia 4500
003 OSt
005 20220918184143.0
006 a|||||r|||| 00| 0
007 ta
008 220917b |||||||| |||| 00| 0 eng d
024 _a44,920
037 _cTextual
040 _aARTS
_cARTS
_beng
041 _2eng
_aeng
082 _aDelta2:3, M3
100 _aRama Tirtha
_964748
245 0 _aYoga and the suprems bliss
_b Songs of enlightenment
260 _aNew Delhi
_bHeritage India
_c1983
300 _ax,214p.
_ccm.
500 _aBib 207-08p; Glossary 179-05p
650 _aSPIRITUALISM
942 _hDelta2:3, M3
_cTEXL
_2CC
999 _c175359
_d175359